<?xml version="1.0" encoding="UTF-8"?>
<collection xmlns="http://www.loc.gov/MARC21/slim">
<record>
  <controlfield tag="001">163346</controlfield>
  <controlfield tag="005">20251028143404.0</controlfield>
  <datafield tag="024" ind1="8" ind2=" ">
    <subfield code="2">innovaciondocente</subfield>
    <subfield code="a">5518</subfield>
  </datafield>
  <datafield tag="037" ind1=" " ind2=" ">
    <subfield code="a">INNODOC-2024-5518</subfield>
  </datafield>
  <datafield tag="041" ind1=" " ind2=" ">
    <subfield code="a">spa</subfield>
  </datafield>
  <datafield tag="100" ind1=" " ind2=" ">
    <subfield code="0">(orcid)0000-0003-2587-6765</subfield>
    <subfield code="a">Cambra Aliaga, Alba</subfield>
    <subfield code="e">coord.</subfield>
  </datafield>
  <datafield tag="245" ind1=" " ind2=" ">
    <subfield code="a">Sello 1+5: Competencias transversales en el Grado en Terapia Ocupacional</subfield>
  </datafield>
  <datafield tag="260" ind1=" " ind2=" ">
    <subfield code="a">Zaragoza</subfield>
    <subfield code="b">Universidad de Zaragoza</subfield>
    <subfield code="c">2024</subfield>
  </datafield>
  <datafield tag="520" ind1="3" ind2=" ">
    <subfield code="a">El proyecto consiste en la puesta en marcha de mecanismos de coordinación y actividades de aprendizaje y evaluación de las competencias transversales en el Grado en Terapia Ocupacional cuyo plan de estudios adaptado al Real Decreto 822/2021 se inicia en el curso 2024-2025.    A partir del análisis de las competencias transversales propuestas como sello 1+5 de UNIZAR se reflexiona sobre su aplicación en la titulación de Grado en Terapia Ocupacional y se diseñan actividades coordinadas para su aprendizaje y para su evaluación en las asignaturas punto-control. El proyecto contribuye al estudio de las dimensiones y niveles de las distintas competencias en el marco del Grado en Terapia Ocupacional y al desarrollo del perfil de egreso propio de la Universidad de Zaragoza.  Las actividades propuestas se plantean principalmente en 1º curso con un enfoque de continuidad de cara a la puesta en marcha gradual de los siguientes cursos según el calendario de implantación de la Memoria de Verificación.</subfield>
  </datafield>
  <datafield tag="700" ind1=" " ind2=" ">
    <subfield code="0">(orcid)0000-0002-0137-3672</subfield>
    <subfield code="a">Laborda Soriano, Ana Alejandra</subfield>
  </datafield>
  <datafield tag="700" ind1=" " ind2=" ">
    <subfield code="0">(orcid)0000-0002-4307-796X</subfield>
    <subfield code="a">Calatayud Sanz, Estela</subfield>
  </datafield>
  <datafield tag="700" ind1=" " ind2=" ">
    <subfield code="0">(orcid)0000-0001-8056-5236</subfield>
    <subfield code="a">Solanas Villacampa, Estela María</subfield>
  </datafield>
  <datafield tag="700" ind1=" " ind2=" ">
    <subfield code="0">(orcid)0000-0002-0061-3312</subfield>
    <subfield code="a">Gómez Soria, Isabel</subfield>
  </datafield>
  <datafield tag="700" ind1=" " ind2=" ">
    <subfield code="0">(orcid)0000-0003-4513-6801</subfield>
    <subfield code="a">Ruiz Garros, María Cristina</subfield>
  </datafield>
  <datafield tag="700" ind1=" " ind2=" ">
    <subfield code="0">(orcid)0009-0001-5638-4344</subfield>
    <subfield code="a">Puig Esteve, María Gema</subfield>
  </datafield>
  <datafield tag="700" ind1=" " ind2=" ">
    <subfield code="0">(orcid)0000-0003-3861-9004</subfield>
    <subfield code="a">Vidal Sánchez, María Isabel</subfield>
  </datafield>
  <datafield tag="700" ind1=" " ind2=" ">
    <subfield code="0">(orcid)0000-0003-4009-0971</subfield>
    <subfield code="a">Sierra Berdejo, María José</subfield>
  </datafield>
  <datafield tag="700" ind1=" " ind2=" ">
    <subfield code="0">(orcid)0009-0001-2476-289X</subfield>
    <subfield code="a">Marín Berges, Marta</subfield>
  </datafield>
  <datafield tag="700" ind1=" " ind2=" ">
    <subfield code="0">(orcid)0000-0002-2231-7565</subfield>
    <subfield code="a">Valero Gracia, Marta Sofía</subfield>
  </datafield>
  <datafield tag="700" ind1=" " ind2=" ">
    <subfield code="0">(orcid)0000-0001-6061-8556</subfield>
    <subfield code="a">Sanz de Miguel, Pablo</subfield>
  </datafield>
  <datafield tag="700" ind1=" " ind2=" ">
    <subfield code="0">(orcid)0000-0001-8176-3306</subfield>
    <subfield code="a">Sánchez Arizcuren, Rafael</subfield>
  </datafield>
  <datafield tag="700" ind1=" " ind2=" ">
    <subfield code="0">(orcid)0000-0002-3360-7015</subfield>
    <subfield code="a">López Antón, Raul</subfield>
  </datafield>
  <datafield tag="700" ind1=" " ind2=" ">
    <subfield code="0">(orcid)0000-0002-0235-3104</subfield>
    <subfield code="a">Espín Tello, Sandra Martina</subfield>
  </datafield>
  <datafield tag="700" ind1=" " ind2=" ">
    <subfield code="a">Romero Sánchez, Sonia</subfield>
  </datafield>
  <datafield tag="700" ind1=" " ind2=" ">
    <subfield code="0">(orcid)0000-0003-2461-8588</subfield>
    <subfield code="a">Gracia Tabuenca, Zeus</subfield>
  </datafield>
  <datafield tag="856" ind1="4" ind2=" ">
    <subfield code="s">88237</subfield>
    <subfield code="u">http://zaguan.unizar.es/record/163346/files/memoria_PICT_2024_5518.pdf</subfield>
    <subfield code="y">Memoria del proyecto</subfield>
  </datafield>
  <datafield tag="970" ind1=" " ind2=" ">
    <subfield code="a">INNODOC-2024-5518</subfield>
  </datafield>
  <datafield tag="980" ind1=" " ind2=" ">
    <subfield code="a">INNODOC</subfield>
    <subfield code="b">PICT</subfield>
  </datafield>
</record>
</collection>